000 00255nam a2200097Ia 4500
001 834468
005 20250826172434.0
008 250824s9999 xx 000 0 und d
245 0 _aBANA SESİNİ BIRAK
_cNESLİHAN ÖNDEROĞLU
260 _bGÜNIŞIĞI YAYINLARI
999 _c834468
_d834468